LIBRARY ONLINE CATALOGUE

Fundamentals of ecology. (Record no. 10886)

MARC details
000 -LEADER
fixed length control field 00553cam a22002052 4500
001 - CONTROL NUMBER
control field 0000006219
005 - DATE AND TIME OF LATEST TRANSACTION
control field 20151217154358.0
008 - FIXED-LENGTH DATA ELEMENTS--GENERAL INFORMATION
fixed length control field 070926s xx 000 0 eng d
020 ## - INTERNATIONAL STANDARD BOOK NUMBER
International Standard Book Number 0070421471 :
Terms of availability KES 740
040 ## - CATALOGING SOURCE
Original cataloging agency KABU
Transcribing agency KABU
100 1# - MAIN ENTRY--PERSONAL NAME
Personal name Dash, Madhab C.
-- 0000157618
245 10 - TITLE STATEMENT
Title Fundamentals of ecology.
250 ## - EDITION STATEMENT
Edition statement 2nd ed.
260 ## - PUBLICATION, DISTRIBUTION, ETC. (IMPRINT)
Place of publication, distribution, etc. New Delhi :
Name of publisher, distributor, etc. McGraw-Hill,
Date of publication, distribution, etc. 2001.
300 ## - PHYSICAL DESCRIPTION
Extent xiii, 525 p.
650 #0 - SUBJECT ADDED ENTRY--TOPICAL TERM
Topical term or geographic name as entry element Ecology.
-- 0000155307
908 ## - PUT COMMAND PARAMETER (RLIN)
Put command parameter 070926
950 ## - LOCAL HOLDINGS (RLIN)
-- 1
Holdings
Withdrawn status Lost status Source of classification or shelving scheme Not for loan Home library Current library Date acquired Total Checkouts Full call number Barcode Date last seen Date last checked out Price effective from Koha item type
    Library of Congress Classification   Kabarak, Main Campus Kabarak, Main Campus 17/12/2015 6 QH541 .D37 2001 009810 24/02/2024 11/02/2024 17/12/2015 General Collection